000 00463nam a2200181Ia 4500
008 230524s9999 xx 000 0 und d
020 _a0443101027
082 _a612.6
_bWAU
100 _aAnne Waugh
245 0 _aAnatomy and Physiology in Health and Illness (Ross & Wilson)
250 _a9TH
260 _aNEWYORK
_bElsevier
_c2001
300 _aIV;463
500 _aQuantity Number: 31
650 _aBiomedical
700 _a Allison Grant
942 _cBK
999 _c35294
_d35294